000 00790nam 22002533 4500
001 198846
010 _a138322/99
021 _aPT
090 _a198846
100 _a20251106d u||y0pory50 ba
101 _apor
102 _aPT
200 _aJudaísmo no feminino
_etradição popular e ortodoxia em Belmonte
_fMaria Antonieta Garcia
210 _aLisboa
_cInstituto de Sociologia e Etnologia das Religiões
_dcop.1999
215 _a320, [18] p.
_cil. ; brochado
_d23 cm
606 _910393
_aJudaísmo
610 _aMulheres judias -- Identidade cultural -- Belmonte[Portugal]
610 _aSociedade como sistema social
675 _a26
_vPT
_zpor
675 _a316.3
700 _910435
_aGarcia
_bMaria Antonieta
_f1945 -
801 _aPT
_bBMMN
_gRPC
830 _cAna
_fAna
990 _cLIVROS